000 01076pam a2200349 4500
999 _c7946
_d7946
001 7946
003 MCM
005 20180417123534.0
008 831129s1984 ncu b 001 0 eng
020 _a0822304953 (alk. paper)
020 _a0822306026 (pbk.)
035 _a(BD-JhCC) 7946
035 _aGLIS00192355
040 _aDLC
_cDLC
_dMYG
041 _aeng
050 0 _aHM33
_b.H67 1984
082 _a306.20973
_bHOR 1984
099 _aHM33.H67 1984
100 1 _aHorowitz, Irving Louis.
245 1 0 _aWinners and losers :
_bsocial and political polarities in America /
_cIrving Louis Horowitz.
260 _aDurham, N.C. :
_bDuke University Press,
_c1984.
300 _axv, 328 p. ;
_c24 cm.
504 _aIncludes bibliographical references and index.
650 0 _aSociology.
650 0 _aPolitical sociology.
650 0 _aIdeology.
650 0 _aPolarity (Philosophy)
651 0 _aUnited States
_xPolitics and government
_y1945-1989.
830 0 _aDuke Press policy studies.
942 _2ddc
_cBK